Friends / (Запис № 499015)

МАРК-запис
000 -LEADER
fixed length control field 01715cam a2200397Ia 4500
001 - CONTROL NUMBER
control field friends00hein
003 - CONTROL NUMBER IDENTIFIER
control field CaSfIA
005 - DATE AND TIME OF LATEST TRANSACTION
control field 20210118084641.0
007 - PHYSICAL DESCRIPTION FIXED FIELD--GENERAL INFORMATION
fixed length control field cr||||
008 - FIXED-LENGTH DATA ELEMENTS--GENERAL INFORMATION
fixed length control field 960228r19961982nyua j 000 1 eng d
040 ## - CATALOGING SOURCE
Original cataloging agency DVA
Transcribing agency DVA
Modifying agency OCL
-- CQF
-- CaSfIA
020 ## - INTERNATIONAL STANDARD BOOK NUMBER
International Standard Book Number 0590737929 (pbk.)
020 ## - INTERNATIONAL STANDARD BOOK NUMBER
International Standard Book Number 9780590737920 (pbk.)
035 ## - SYSTEM CONTROL NUMBER
System control number (OCoLC)34277306
041 1# - LANGUAGE CODE
Language code of text/sound track or separate title eng
Language code of original and/or intermediate translations of text ger
050 #4 - LIBRARY OF CONGRESS CALL NUMBER
Classification number PZ7.H3678
Item number Fr 1996
092 0# - LOCALLY ASSIGNED DEWEY CALL NUMBER (OCLC)
Classification number [E]
Edition number 20
100 1# - MAIN ENTRY--PERSONAL NAME
Personal name Heine, Helme.
240 10 - UNIFORM TITLE
Uniform title <a href="Freunde.">Freunde.</a>
Language of a work English
245 10 - TITLE STATEMENT
Title Friends /
Medium [electronic resource]
Statement of responsibility, etc written and illustrated by Helme Heine.
260 ## - PUBLICATION, DISTRIBUTION, ETC. (IMPRINT)
Place of publication, distribution, etc New York :
Name of publisher, distributor, etc Scholastic,
Date of publication, distribution, etc c1982,
Date of manufacture (1996 printing).
300 ## - PHYSICAL DESCRIPTION
Extent [32] p. :
Other physical details col. ill. ;
Dimensions 27 cm.
500 ## - GENERAL NOTE
General note Translation of: Freunde.
500 ## - GENERAL NOTE
General note Reprint: Originally published: New York : Simon & Schuster, c1982.
500 ## - GENERAL NOTE
General note "First Scholastic printing, February 1996."--Verso t.p.
520 ## - SUMMARY, ETC.
Summary, etc Three friends who love to be together come to the realization that sometimes it's just not possible.
506 ## - RESTRICTIONS ON ACCESS NOTE
Standardized terminology for access restriction Необхідна авторизація на https://archive.org/ (створення облікового запису безкоштовно)
506 ## - RESTRICTIONS ON ACCESS NOTE
Standardized terminology for access restriction Необхідна авторизація на https://openlibrary.org/ (створення облікового запису безкоштовно)
650 #1 - SUBJECT ADDED ENTRY--TOPICAL TERM
Topical term or geographic name as entry element Animals
Form subdivision Fiction.
650 #1 - SUBJECT ADDED ENTRY--TOPICAL TERM
Topical term or geographic name as entry element Friendship
Form subdivision Fiction.
650 #0 - SUBJECT ADDED ENTRY--TOPICAL TERM
Topical term or geographic name as entry element Animals
Form subdivision Fiction.
650 #0 - SUBJECT ADDED ENTRY--TOPICAL TERM
Topical term or geographic name as entry element Friendship
Form subdivision Fiction.
856 41 - ELECTRONIC LOCATION AND ACCESS
Uniform Resource Identifier <a href="http://www.archive.org/details/friends00hein">http://www.archive.org/details/friends00hein</a>
Public note Free eBook from the Internet Archive
856 42 - ELECTRONIC LOCATION AND ACCESS
Uniform Resource Identifier <a href="http://www.openlibrary.org/books/OL24237443M">http://www.openlibrary.org/books/OL24237443M</a>
Public note Additional information and access via Open Library
942 ## - ADDED ENTRY ELEMENTS (KOHA)
Koha item type ЕКнига

Немає доступних примірників.